Affective and Social Signals for HRI (Record no. 17269)
[ view plain ]
| 000 -LEADER | |
|---|---|
| fixed length control field | 00583nam a2200133Ia 4500 |
| 008 - FIXED-LENGTH DATA ELEMENTS--GENERAL INFORMATION | |
| fixed length control field | 220615s9999||||xx |||||||||||||| ||und|| |
| 020 ## - INTERNATIONAL STANDARD BOOK NUMBER | |
| International Standard Book Number | 9782890000000 |
| 245 #0 - TITLE STATEMENT | |
| Title | Affective and Social Signals for HRI |
| 546 ## - LANGUAGE NOTE | |
| Language note | English[eng] |
| 650 ## - SUBJECT ADDED ENTRY--TOPICAL TERM | |
| Topical term or geographic name entry element | Â Social Robotics||Social Signals||Recognition||Affective Robotics||Embodiment||Expressive Robotics||Human-Robot Interaction||Collaborative Robots||Social HRI |
| 700 ## - ADDED ENTRY--PERSONAL NAME | |
| Personal name | Gunes, Hatice||Castellano, Ginevra||Mutlu, Bilge |
| 856 ## - ELECTRONIC LOCATION AND ACCESS | |
| Uniform Resource Identifier | <a href="https://www.frontiersin.org/research-topics/5162/affective-and-social-signals-for-hri">https://www.frontiersin.org/research-topics/5162/affective-and-social-signals-for-hri</a> |
| 942 ## - ADDED ENTRY ELEMENTS (KOHA) | |
| Koha item type | E-Books |
| Withdrawn status | Lost status | Damaged status | Not for loan | Home library | Current library | Date acquired | Total Checkouts | Date last seen | Price effective from | Koha item type |
|---|---|---|---|---|---|---|---|---|---|---|
| Kerala University of Digital Sciences, Innovation and Technology Knowledge Centre | Kerala University of Digital Sciences, Innovation and Technology Knowledge Centre | 15/06/2022 | 15/06/2022 | 15/06/2022 | E-Books |